Mediacin̤ Penal "Una visin̤ prc̀tica desde dentro hacia fuera"

Detalles Bibliográficos
Autor principal: Magro Servet, Vicente
Otros Autores: Hernǹdez Ramos, Carmelo
Formato: eBook
Lenguaje:español
Publicado: Alicante : Editorial Club Universitario, 2013
Materias:
Acceso en línea:http://www.vlex.com/source/7055

MARC

LEADER 00000nam a22000007a 4500
005 20130222133424.0
007 cr|||| ||||
008 130222e2013 sp |||||s|||| 00||0 spa d
020 |a 978-84-9948-604-8 
035 |a 7055 
040 |a vLex 
090 |c 3732  |d 3732 
100 1 0 |a Magro Servet, Vicente  
245 1 0 |a Mediacin̤ Penal  |b "Una visin̤ prc̀tica desde dentro hacia fuera"  |h [Recurso electrn̤ico] 
256 |a Servicio en ln̕ea 
260 |a Alicante :  |b Editorial Club Universitario,   |c 2013 
300 |a 1 Recurso electrn̤ico 
650 0 4 |a Procedimiento penal  |z Espaą 
650 0 4 |a Mediacin̤ penal  |z Espaą 
700 1 0 |a Hernǹdez Ramos, Carmelo  
740 |a vLex Libros (Servicio en ln̕ea) 
856 |a Acceso restringido  |u http://www.vlex.com/source/7055 
942 |c BOOK 
999 0 |a Criminal procedure